Estatísticas para Maiores Países na Projeção de Mercator

Clique aqui para jogar o quiz

Estatísticas Gerais

  • Esse quiz foi jogado 3 148 vezes
  • A pontuação média é 16 de 21

Estatísticas das Respostas

Ranking% MudançaPaís% Correto
6- 66Brasil
97%
3- 28Estados Unidos
97%
1+ 54Rússia
97%
2+ 63Canadá
96%
4- 51China
94%
8- 51Argentina
90%
5- 60Austrália
90%
9- 62Índia
84%
12- 62México
84%
10- 32Mongólia
70%
21+ 71Noruega
70%
16+ 52Suécia
70%
7- 28Cazaquistão
68%
20+ 69Finlândia
67%
19- 69Indonésia
66%
14- 66Arábia Saudita
64%
11- 60Argélia
64%
13- 68República Democrática do Congo
63%
15- 56Irã
57%
17- 63Líbia
52%
18- 66Sudão
48%

Distribuição das Pontuações

Percentil de Números Respondidos

Porcentagem de Pessoas com Cada Pontuação

Sua Pontuação Histórica

Você não jogou esse quiz